01156nam a2200253 a 4500001001000000003000900010005001700019007000300036008004100039020001800080040002500098082000700123245008400130260007000214300002800284590002600312942001400338952010300352952009700455952010300552952011500655952011500770999001700885000037962DO-SdBNP20221115145257.0ta130311s19uu dr a 000 0 spa d a9789945486063 aDO-SdBNPbspacBNPHU 422204aLos derechos y deberes fundamentales en la constitución :bguía práctica. aSanto Domingo :bConsejo Nacional de Reforma del Estado,c[201?]. a73 p. :bils. ;c22 cm. aInventariado, 2022/BT 2ddccLBS1 00102ddc56708DSaBNPHUbBNPHUcCTd2013-03-11o p37962-30r2020-06-25te. 3w2020-06-25yLBS1 00102ddc51708PDaBNPHUbBNPHUcCTd2013-03-11o p37962-10r2020-06-25w2020-06-25yLBS1 00102ddc51708PDaBNPHUbBNPHUcCTd2013-03-11o p37962-20r2020-06-25te. 2w2020-06-25yLBS1 00102ddc56708DSaBNPHUbBNPHUcCTd2022-11-15eDonaciónl0p2022-5386r2022-11-15te.4w2022-11-15yLBS1 00102ddc56708DSaBNPHUbBNPHUcCTd2022-11-16eDonaciónl0p2022-5405r2022-11-16te.5w2022-11-16yLBS1 c37452d37452